Výrobné a ekonomické parametre chovu oviec v SR a ich diferenciácia pri rôznom zameraní

Hodnotenie výrobných a ekonomických parametrov charakterizujúcich produktívnosť oviec a produktivitu práce v chovoch. Údaje zahrňujú 232 chovov v poľnohospodárskych družstvách SR za rok 1998. Výroba jahniat, ovčieho syra a hodnota produkcie. Zistené parametre signalizujú nízku úroveň, zvlášť nízka ú...

Ausführliche Beschreibung

Gespeichert in:
Bibliographische Detailangaben
1. Verfasser: Vláčil, Rudolf
Format: Buchkapitel
Sprache:Slowakisch
Schlagworte:
Tags: Tag hinzufügen
Keine Tags, Fügen Sie das erste Tag hinzu!

MARC

LEADER 00000naa a2200000 4500
001 r040121
005 20230922112019.7
041 0 |a slo 
044 |a SK 
245 1 0 |a Výrobné a ekonomické parametre chovu oviec v SR a ich diferenciácia pri rôznom zameraní  |c Rudolf Vláčil 
520 |a Hodnotenie výrobných a ekonomických parametrov charakterizujúcich produktívnosť oviec a produktivitu práce v chovoch. Údaje zahrňujú 232 chovov v poľnohospodárskych družstvách SR za rok 1998. Výroba jahniat, ovčieho syra a hodnota produkcie. Zistené parametre signalizujú nízku úroveň, zvlášť nízka úroveň jahňacieho mäsa. 
610 2 0 |a chov zvierat 
610 2 0 |a ovčiarstvo 
610 2 0 |a produktívnosť 
610 2 0 |a produktivita práce 
610 2 0 |a družstvá poľnohospodárske 
610 2 0 |a parametre ekonomické 
610 2 0 |a 1998 
610 2 0 |a Slovensko 
100 1 |a Vláčil, Rudolf